000 00813cam a2200205 i 4500
005 20251221101813.0
008 250721s2005 ua gr 000 0 ara d
082 1 4 _a218.2
_bم ح ف
100 1 _aمحفوظ، علي
_eمؤلف.
245 1 2 _aالإبداع في مضار الإبتداع /
_cتأليف الشيخ علي محفوظ ؛ اعتنى به ابو عبدالله فارس بن فتحي آل جلال.
250 _aالطبعه الاولى.
264 3 1 _aالقاهرة :
_bدار ابن الهيثم للنشر والتوزيع،
_c2005.
300 _a464 صفحة.
650 1 7 _aالبدع.
650 1 7 _aالشريعة الإسلامية.
650 1 7 _aالنشاطات الهدامة.
650 1 7 _aالحديث الشريف.
942 _2ddc
_cBK
999 _c104636
_d104636